00381pab a2200133 454500008004000000100001900040245007500059260000900134300001300143362000800156650001800164700001700182773004800199180718b1997 xxu||||| |||| 00| 0 eng d aBurgess, Simon aTransient jobs and lifetime jobs: dualism in the British labour market c1997 ap.309-28 aAug aLabour market aRees, Hedley aOxford Bulletin of Economics and Statistics